| 000 | 00817nam a2200205Ia 4500 | ||
|---|---|---|---|
| 999 |
_c38537 _d38537 |
||
| 001 | 4638 | ||
| 003 | GE_BSU | ||
| 005 | 20190514155707.0 | ||
| 008 | 181216s2002||||ge |||||||||||||| ||geo|| | ||
| 040 | _cGE_BSU | ||
| 041 | _ageo | ||
| 080 | _a621.345(075.8) ქ–44 | ||
| 100 |
_aქვრივიშვილი,ს _91121 |
||
| 245 |
_aტელოკომნიკაციების ქსელები. ნაწ . l : ll : ლექციების კონსპექტი / _cს .ქვრივიშვილი ; ბ. გიორგაძე ; |
||
| 264 |
_aთბილისი , _c2002. |
||
| 300 |
_a91 გვ .; _c20 სმ. |
||
| 653 | _aტელოკომნიკაციების ქსელები | ||
| 700 |
_aგიორგაძე, ბ _91122 |
||
| 942 |
_cBK _2udc |
||